Länder nach Duschgels #18 - Statistiken

Allgemein
  • Dieses Quiz wurde 13 mal gespielt
  • Das Durchschnittsergebnis liegt bei 6 aus 10
Antwortstatistiken
Bildquiz Antwort % Korrekt
Bosnien und Herzegowina
92%
Chile
85%
Tansania
77%
Lesotho
69%
Liberia
69%
Vanuatu
62%
Kirgisistan
54%
São Tomé und Príncipe
46%
Südsudan
46%
Republik Kongo
38%
Keine übereinstimmenden Quizze gefunden
Verteilung der Resultate
Anzahl Personen mit jedem Resultat
Perzentil nach korrekt beantworteten Fragen
Ihre Resultats-Entwicklung
Sie haben dieses Quiz noch nicht gespielt